| 000 | 00501cam a2200205ua 4500 | ||
|---|---|---|---|
| 001 | 8020 | ||
| 008 | 150105n ii |||gr||||Z||||||hin | ||
| 020 | _a817124139 | ||
| 040 | _cMAIN | ||
| 041 | _ahin | ||
| 082 | _a294.5 | ||
| 100 |
_aTiwari, R. C., _eEditor. |
||
| 245 | 1 |
_aRiti kavyadhara _cEdited by R. C. Tiwari |
|
| 250 | _a1st. | ||
| 260 |
_aVaranasi: _bViswavidyalaya, _c2000. |
||
| 300 | _a255p. | ||
| 653 | _aReligions ofIndic origin | ||
| 700 |
_aTrioathi, R. P., _eEditor. |
||
| 942 | _cBK | ||
| 999 |
_c7138 _d7138 |
||